=LDR 00000nam 2200000 4500 =001 INLIS000000000033279 =005 20201216020420 =035 ##$$a 0010-061300000033279 =008 201216################g##########0#ind## =041 ##$$a ind =082 ##$$a 320.12 =090 ##$$a 320.12, Sri g =100 ##$$a Sri Hariyati, Hj =245 1#$$a Geografi politik /$c Dr.Hj. Sri Hayati, M.Pd., Drs. Ahmad Yani, M.Si..; Editor, Ali S. Mifka =260 ##$$a Bandung :$b Refika Aditama,$c 2007 =300 ##$$a xvi,180 hlm. : $b Ilus ; $c 16x24 cm. =650 #4$$a Geografi Politik =850 ##$$a NBPNMAT =020 ##$$a 979-1037-91-0 =084 ##$$a 320.12 SRI g =700 #$$a Yani, Ahmad =504 ##$$a Bibliografi : hlm. 177 - 178 =990 ##$$a 21004240 =990 ##$$a 21004238 =990 ##$$a 21004241